000
00276nam a22001217a 4500
008
180301b xxu||||| |||| 00| 0 eng d
041
_a
eng
080
_a
7
100
_a
44
101
_a
ART
245
_a
Important 20th Century decorative Arts
_c
Christie's
942
_2
udc
_c
BK
999
_c
43839
_d
43839